Famous Cities in History - Statistics

General Stats
  • This quiz has been taken 36 times
  • The average score is 7 of 8
Answer Stats
Hint Answer % Correct
Was one of the key cities of the American Revolution, Tea was thrown into the harbor Boston
97%
A large wood horse was placed at their gate shortly followed by their fall Troy
94%
Capital of the Byzantine Empire, now
called Istanbul
Constantinople
91%
Capital city of the great empirebuilt around the Mediterranean Sea Rome
91%
Ancient rival of Sparta that was hometo many scholars and philosophers Athens
88%
Birthplace of Benjamin Franklinoriginal capital of United States Philadelphia
85%
William the Conqueror was crownedin this city in 1066 AD London
76%
Was the Capital of Lower Egypt Memphis
38%
No matching quizzes found
Score Distribution
Percent of People with Each Score
Percentile by Number Answered
Your Score History
You have not taken this quiz